Okienko trénerov

Bibliographic Details
Main Author: Landsfeld, Zdeněk (Author)
Format: Article
Language:Slovak
Subjects:

MARC

LEADER 00000nab a2200000 a 4500
001 vtls000079257
003 SK-MaSNL
005 20260303210632.0
008 111103c1981 xo 0 slo
015 |a SNBRB19rr/mm-uuuuu 
035 |a CL0089358 
040 |a SNKBUCL  |b slo  |c SNKBUCL  |e AACR2 
041 0 |a slo 
044 |a xo  |c SK 
080 |a 793.3  |2 1981 
100 1 |a Landsfeld, Zdeněk  |4 aut  |9 1012748 
245 1 0 |a Okienko trénerov  |c Zdeněk Landsfeld 
650 0 7 |a štandardné tance  |2 SNKPH  |9 84619 
650 0 7 |a latinskoamerické tance  |2 SNKPH  |9 75641 
655 7 |a články z novín a časopisov  |2 SNK  |9 267496 
773 0 |t Rytmus  |g Roč. 32, č. 1 (1981), s. 24 
850 |a Slovenská národná knižnica v Martine  |a MTA001 
852 |a SNK  |b KIS3GCP 
958 |a RK 
992 |a RBX 
999 |c 2201015  |d 2202945